Szczegóły MARC21

Formal ontology in information systems : proceedings of the Sixth International Conference (FOIS 2010) /

005 -DATA I CZAS OSTATNIEJ MODYFIKACJI [,]
    • @
    • pole kontrolne
    • 20140929103652.0
020 -Międzynarod. znormalizowany nr książki - ISBN [ , ]
    • a
    • Numer ISBN
    • 9781607505341 Find
020 -Międzynarod. znormalizowany nr książki - ISBN [ , ]
    • a
    • Numer ISBN
    • 9781607505358 (online) Find
040 -Instytucja sporządzająca opis [0, ]
    • a
    • Instytucja, która sporządziła opis (NP)
    • SZCZ U/JG
    • c
    • Instytucja, która sporządziła rekord (NP)
    • SZCZ U/JG
    • d
    • Instytucja, która zmodyfikowała rekord (P)
    • SZCZ U/MS
041 -Język dokumentu [0, ]
    • a
    • Język tekstu (P)
    • angielski
044 -Kraj miejsca wydania [ , ]
    • a
    • Kraj miejsca wydania
    • Niderlandy
942 -Rodzaj dokumentu [ , ]
    • c
    • Rodzaj dokumentu
    • Książka
245 -Strefa tytułu i oznaczenia odpowiedzialności [0,0]
    • a
    • Tytuł
    • Formal ontology in information systems : Find
    • b
    • Ciąg dalszy tytułu (NP)
    • proceedings of the Sixth International Conference (FOIS 2010) / Find
    • c
    • Pozostałe elementy strefy tytułu i oznaczenia odpowiedzialności (NP)
    • ed. by Antony Galton and Riichiro Mizoguchi.
260 -Strefa adresu wydawniczego [ , ]
    • a
    • Miejsce wydania (P)
    • Amsterdam [etc.] :
    • b
    • Nazwa wydawcy (P)
    • IOS Press,
    • c
    • Data wydania (P)
    • cop. 2010.
300 -Strefa opisu fizycznego [ , ]
    • a
    • Określenie formy książki i/lub objętość (NP)
    • XI, [1], 431 s. :
    • b
    • Oznaczenie ilustracji (NP)
    • il. ;
    • c
    • Format (NP)
    • 25 cm.
490 -Strefa serii i książki wielotomowej - forma nie do wyszukiwania [1, ]
    • a
    • Tytuł (P)
    • Frontiers in Artificial Intelligence and Applications, Find
    • v
    • Numeracja (P)
    • vol. 209
    • x
    • ISSN (NP)
    • 0922-6389 ;
830 -Hasło dodatkowe serii i opisu książki wielotomowej - tytuł ujednolicony/tytuł [ ,0]
    • 9
    • KHW
    • 71535
    • a
    • Tytuł ujednolicony/tytuł (NP)
    • Frontiers in Artificial Intelligence and Applications
    • v
    • Oznaczenie tomu (NP)
    • 209
    • x
    • ISSN
    • 0922-6389
500 -Uwaga ogólna [ , ]
    • a
    • Uwaga ogólna (NP)
    • ISSN 0922-6389 opatrzony notą: print. Na ks. ponadto drugi ISSN 1879-8314 z notą: online.
504 -Uwaga dot. bibliogr. załącznikowej [ , ]
    • a
    • Uwaga dot. bibliografii załącznikowej
    • Bibliogr. przy rozdz. Indeks.
080 -Uniwersalna Klasyfikacja Dziesiętna [ , ]
    • 2
    • Identyfikator wydania tablic
    • UDC-P058
    • 9
    • UKD
    • 1957
    • a
    • Symbol klasyfikacji
    • 004.03
    • b
    • Dopowiedzenie
    • Typy systemów.
    • 4
    • UKD2
    • 7641
    • x
    • Poddział wspólny
    • (061)
    • c
    • Dopowiedzenie poddz. wspólnego
    • (Wydawnictwa odnoszące się do konferencji, zjazdów itd. Sprawozdania z konferencji).
    • 4
    • UKD2
    • 7644
    • x
    • Poddział wspólny
    • =111
    • c
    • Dopowiedzenie poddz. wspólnego
    • =Język angielski.
080 -Uniwersalna Klasyfikacja Dziesiętna [ , ]
    • 2
    • Identyfikator wydania tablic
    • UDC-P058
    • 9
    • UKD
    • 1951
    • a
    • Symbol klasyfikacji
    • 004
    • b
    • Dopowiedzenie
    • Informatyka i technika komputerowa.
    • 4
    • UKD2
    • 7641
    • x
    • Poddział wspólny
    • (061)
    • c
    • Dopowiedzenie poddz. wspólnego
    • (Wydawnictwa odnoszące się do konferencji, zjazdów itd. Sprawozdania z konferencji).
    • 4
    • UKD2
    • 7644
    • x
    • Poddział wspólny
    • =111
    • c
    • Dopowiedzenie poddz. wspólnego
    • =Język angielski.
980 -Symbol UKD [ , ]
    • a
    • UKD
    • 004.03:004](061)=111
700 -Hasło dodatkowe - nazwa osobowa [1, ]
    • a
    • Nazwa osobowa (NP)
    • Galton, Antony Find
    • d
    • Daty biograficzne (NP)
    • (1952- ).
    • e
    • Określenie rodzaju współpracy
    • Red.
700 -Hasło dodatkowe - nazwa osobowa [1, ]
    • 9
    • KHW
    • 74274
    • a
    • Nazwa osobowa (NP)
    • Mizoguchi, Riichiro Find
    • d
    • Daty biograficzne (NP)
    • (1948- ).
    • e
    • Określenie rodzaju współpracy
    • Red.
710 -Hasło dodatkowe - nazwa ciała zbiorowego [2, ]
    • 9
    • KHW
    • 71517
    • 4
    • Kod relacji
    • pbl
    • a
    • Nazwa ciała zbiorowego lub nazwa geograficzna jako pierwszy element (NP)
    • IOS Press.
920 -ISBN [ , ]
    • a
    • ISBN
    • 978-1-60750-534-1 (print) Find
920 -ISBN [ , ]
    • a
    • ISBN
    • 978-1-60750-535-8 (online) Find
Data inwentaryzacji Lokalizacja Sygnatura Numer inwentarzowy Status udost.
2014-03-27TT.15642T.15642-2